Loading...
| History - American | 0 | 8 | 0 | 0 | 80 | 64 | 81.88 | 8 | 8 | 0.00 | 0.00 |
| History - World | 0 | 5 | 0 | 0 | 50 | 40 | 77.20 | 5 | 5 | 0.00 | 0.00 |
| Science - Biology | 0 | 3 | 0 | 0 | 30 | 58 | 89.00 | 2 | 3 | 0.00 | 0.00 |
| History - European | 0 | 3 | 1 | 1 | 25 | 59 | 75.67 | 1 | 3 | 0.00 | 0.00 |
| Literature - American | 0 | 2 | 0 | 0 | 20 | 70 | 88.00 | 2 | 2 | 0.00 | 0.00 |
| Fine Arts - Painting and Sculpture | 0 | 3 | 2 | 0 | 20 | 83 | 106.00 | 1 | 3 | 0.00 | 0.00 |
| Fine Arts - Other | 0 | 1 | 0 | 0 | 10 | 119 | 119.00 | 1 | 1 | 0.00 | 0.00 |
| Literature - European | 0 | 1 | 0 | 0 | 10 | 102 | 102.00 | 0 | 1 | 0.00 | 0.00 |
| Other Academic | 0 | 1 | 0 | 0 | 10 | 56 | 56.00 | 1 | 1 | 0.00 | 0.00 |
| Pop Culture | 0 | 1 | 0 | 0 | 10 | 60 | 60.00 | 1 | 1 | 0.00 | 0.00 |
| Literature - British | 0 | 0 | 1 | 0 | -5 | 0.00 | 0 | 0 | 0.00 | 0.00 | |
| Geography | 0 | 0 | 1 | 0 | -5 | 0.00 | 0 | 0 | 0.00 | 0.00 |